|
|
|
|
| LEADER |
01056nam a22002777a 4500 |
| 001 |
33300 |
| 003 |
BD-DhAAL |
| 005 |
20180709111222.0 |
| 008 |
180709r20031990ii a|||| b||| 00| 0 eng d |
| 999 |
|
|
|c 39627
|d 39627
|
| 020 |
|
|
|a 8170581982
|
| 020 |
|
|
|a 9788170581987
|
| 040 |
|
|
|a BD-DhAAL
|
| 082 |
|
|
|a 370
|
| 100 |
|
|
|a Mother
|9 26783
|
| 245 |
|
|
|a Education,
|n part two :
|b advice to students and teachers /
|c the Mother
|
| 250 |
|
|
|a First edition
|
| 260 |
|
|
|a Pondicherry :
|b Sri Aurobindo Ashram,
|c c1990 [fourth impression 2003]
|
| 300 |
|
|
|a 245 pages ;
|c 19 cm
|
| 504 |
|
|
|a Includes bibliographical references (page [241]).
|
| 526 |
|
|
|a ARC
|
| 541 |
|
|
|e 33300
|
| 650 |
|
|
|a Education
|9 26798
|
| 852 |
|
|
|a Department of Architecture
|c General Stacks
|
| 942 |
|
|
|2 ddc
|c BK
|
| 952 |
|
|
|0 0
|1 1
|2 ddc
|4 0
|6 370_000000000000000_MOT
|7 0
|9 63646
|a ARC
|b ARC
|c GEN
|d 2018-07-09
|l 0
|o 370 MOT
|p 3010033300
|r 2018-07-09
|t 1
|w 2018-07-09
|y BK
|x lost from the ARC department library and approved by the Dean (reasons personal books withdrawn by Hasibul Kabir Sir and Building shifting)
|